| 000 | 00655nam a2200217 i 4500 | ||
|---|---|---|---|
| 001 | bg | ||
| 100 | 1 | _aWOOLARD, George | |
| 245 | 1 | 0 |
_aLessons with laughter : _b[photocopieable lessons for different levels] / _cGeorge Woolard. |
| 260 |
_aHove : _bLTP, _c1999. |
||
| 300 |
_a92, [2] s. : _brys. ; _c30 cm. |
||
| 650 | 9 |
_aJęzyk angielski _xnauczanie |
|
| 655 | _aĆwiczenia i zadania | ||
| 020 | _a1899396357 | ||
| 040 | _cBPK | ||
| 041 | 0 | _aen | |
| 080 | _a811.111(076):372.881.111.1 | ||
| 920 | _a1-899396-35-7 | ||
| 942 | _cKS | ||
| 008 | s pl f |000 0 pol | ||
| 999 |
_c40803 _d40803 |
||
| 856 |
_uhttp://koha.tu.koszalin.pl/cgi-bin/koha/opac-detail.pl?biblionumber=40803 _yKatalog online BPK |
||